000 00826nam a2200229 a 4500
001 39062
003 BD-RjUL
005 20211209052917.0
008 160404s1998 bg ||||e |||| 000 0 ben d
020 _a9840735950
_c: Tk.45.00
035 _a(BD-RjUL) 39173
040 _aBD-RjUL
_bben
_cBD-RjUL
041 _aben
082 _223
_a891.441008
_bAHB 1998
100 _aআহমদ, ওয়াকিল
_9117617
245 1 0 _aবাংলা লোকসঙ্গীত :
_bসারিগান /
_cওয়াকিল আহমদ
260 _aঢাকা :
_bবাংলা একাডেমি,
_c১৯৯৮.
300 _a[১০], ১০৭ পৃ. ;
_c২২ সেমি.
650 _aবাংলা লোকসঙ্গীত
_9120567
650 _aFolk songs Bengali
_9117495
942 _2ddc
_cBK
999 _c39062
_d39062